[Event "Gligoric Cup 9th"]
[Site "Paracin"]
[Date "2023.05.16"]
[Round "1.7"]
[White "Drazic, Sinisa"]
[Black "Popovic, Djordje D"]
[Result "1-0"]
[WhiteElo "2367"]
[BlackElo "2207"]
[PlyCount "77"]
[EventDate "2023.05.16"]
[EventType "team-swiss"]
[EventRounds "5"]
[EventCountry "SRB"]
[SourceTitle "CBM 214 Extra"]
[Source "ChessBase"]
[SourceDate "2023.07.31"]
[SourceVersion "1"]
[SourceVersionDate "2023.07.31"]
[SourceQuality "1"]
[WhiteTeam "Kac Jugovic"]
[BlackTeam "Jagodina Kablovi"]
[WhiteTeamCountry "SRB"]
[BlackTeamCountry "SRB"]

1. d4 Nf6 2. Nf3 e6 3. c4 c5 4. Nc3 cxd4 5. Nxd4 Bb4 6. Ndb5 a6 7. Nd6+ Ke7 8. Nxc8+ Qxc8 9. Qb3 Nc6 10. a3 Bxc3+ 11. Qxc3 b5 12. c5 Qb8 13. f3 Rc8 14. b4 a5 15. Rb1 axb4 16. axb4 d5 17. e3 e5 18. Qc2 e4 19. fxe4 Nxe4 20. Bd3 Nf6 21. 0-0 Ng4 22. Rf4 Nge5 23. Bf1 g6 24. Qf2 f5 25. Qh4+ Ke6 26. Bb2 h5 27. Rd1 Rd8 28. h3 Ra2 29. Rf2 Ra4 30. Rf4 Ra2 31. Rd2 Ra7 32. Qg5 Rf7 33. Bc3 Rdf8 34. Ra2 Qb7 35. Rff2 Rd7 36. Ra1 d4 37. exd4 Nxd4 38. Re1 Rf6 39. Rxe5+ 1-0

[Event "Paracin Amateur op"]
[Site "Paracin"]
[Date "2020.02.03"]
[Round "6"]
[White "Vujcic, Milena"]
[Black "Popovic, Djordje D"]
[Result "1/2-1/2"]
[WhiteElo "2079"]
[BlackElo "2181"]
[PlyCount "113"]
[EventDate "2020.01.31"]
[EventType "swiss"]
[EventRounds "9"]
[EventCountry "SRB"]
[SourceTitle "CBM 194 Extra"]
[Source "ChessBase"]
[SourceDate "2020.03.31"]
[SourceVersion "1"]
[SourceVersionDate "2020.03.31"]
[SourceQuality "1"]

1. e4 c5 2. Nf3 d6 3. d4 cxd4 4. Nxd4 Nf6 5. Nc3 a6 6. Bg5 Nbd7 7. Bc4 e6 8. 0-0 Qc7 9. Bb3 Nc5 10. Bxf6 gxf6 11. f4 Nxb3 12. axb3 h5 13. Kh1 Bd7 14. Rf3 Bc6 15. Rh3 0-0-0 16. b4 Qb6 17. b5 axb5 18. Ndxb5 Kb8 19. Nd4 d5 20. Nxc6+ Qxc6 21. exd5 Qb6 22. Rd3 Be7 23. b3 Rhg8 24. Qe2 h4 25. f5 Bb4 26. Na4 Qc7 27. c3 Bd6 28. Qe3 b5 29. Nb2 Bxh2 30. dxe6 Rxd3 31. Qxd3 Qb7 32. Qf3 Qxf3 33. gxf3 Be5 34. exf7 Rf8 35. Re1 Rxf7 36. Nd1 Rd7 37. Nf2 Bxc3 38. Re8+ Kb7 39. Ne4 Rd1+ 40. Kg2 Bd4 41. Rh8 Rg1+ 42. Kh2 Rb1 43. Rxh4 Be5+ 44. f4 Rb2+ 45. Kh1 Bd4 46. Rh3 Re2 47. Nc3 Bxc3 48. Rxc3 Rf2 49. Rc5 Kb6 50. Rd5 Rxf4 51. Rd6+ Kc5 52. Rxf6 Kb4 53. Rf8 Kxb3 54. f6 b4 55. f7 Kb2 56. Rb8 Rxf7 57. Rxb4+ 1/2-1/2

[Event "Paracin Summer op-A 12th"]
[Site "Paracin"]
[Date "2019.07.06"]
[Round "2"]
[White "Popovic, Djordje D"]
[Black "Ozsoy, Alimert"]
[Result "0-1"]
[WhiteElo "2227"]
[BlackElo "2087"]
[PlyCount "58"]
[EventDate "2019.07.05"]
[EventType "swiss"]
[EventRounds "9"]
[EventCountry "SRB"]
[SourceTitle "EXT 2020"]
[Source "ChessBase"]
[SourceDate "2019.10.17"]
[SourceVersion "1"]
[SourceVersionDate "2019.10.17"]
[SourceQuality "1"]

1. d4 d5 2. c4 c6 3. Nf3 Nf6 4. Nc3 dxc4 5. a4 Bf5 6. Ne5 Nbd7 7. Nxc4 Nb6 8. Ne5 a5 9. f3 e6 10. e4 Bg6 11. Be3 Bb4 12. Bd3 Nfd7 13. Nxd7 Nxd7 14. 0-0 Qb6 15. Bf2 e5 16. dxe5 Bc5 17. f4 Bxf2+ 18. Rxf2 0-0-0 19. Qe2 Nc5 20. Bc4 Rd4 21. f5 Bh5 22. Qxh5 Rxc4 23. Qe2 Rd4 24. Qe3 Rd3 25. Qf4 Rhd8 26. Kh1 Rxc3 27. f6 Nd3 28. Qf5+ Kb8 29. Rff1 g6 0-1

[Event "Paracin Summer op-A 12th"]
[Site "Paracin"]
[Date "2019.07.06"]
[Round "3"]
[White "Srdanovic, Jovana"]
[Black "Popovic, Djordje D"]
[Result "0-1"]
[WhiteElo "1975"]
[BlackElo "2227"]
[PlyCount "64"]
[EventDate "2019.07.05"]
[EventType "swiss"]
[EventRounds "9"]
[EventCountry "SRB"]
[SourceTitle "EXT 2020"]
[Source "ChessBase"]
[SourceDate "2019.10.17"]
[SourceVersion "1"]
[SourceVersionDate "2019.10.17"]
[SourceQuality "1"]

1. d4 Nf6 2. c4 e6 3. Nc3 Bb4 4. e3 c5 5. Nge2 cxd4 6. exd4 0-0 7. a3 Be7 8. Nf4 d5 9. cxd5 exd5 10. Bd3 Nc6 11. 0-0 Bd6 12. Be3 Ne7 13. Qc2 a6 14. h3 Bd7 15. Rfc1 h6 16. Qb3 Bc6 17. Bb1 Qb8 18. Nfe2 b5 19. Qc2 Rc8 20. Qd2 Ne4 21. Bxe4 dxe4 22. d5 Rd8 23. Kh1 Be5 24. Nf4 g5 25. Nh5 Bxd5 26. Bxg5 Bb7 27. Qe2 hxg5 28. Nxe4 Bxe4 29. Qxe4 Ng6 30. Rc6 Bg7 31. Rxg6 fxg6 32. Qxg6 Qe5 0-1

[Event "Paracin Winter op"]
[Site "Paracin"]
[Date "2019.02.03"]
[Round "6"]
[White "Cvetanovic, Uros"]
[Black "Popovic, Djordje D"]
[Result "1/2-1/2"]
[WhiteElo "2267"]
[BlackElo "2234"]
[PlyCount "26"]
[EventDate "2019.01.31"]
[EventType "swiss"]
[EventRounds "9"]
[EventCountry "SRB"]
[SourceTitle "CBM 188 Extra"]
[Source "ChessBase"]
[SourceDate "2019.02.26"]
[SourceVersion "1"]
[SourceVersionDate "2019.02.26"]
[SourceQuality "1"]

1. g3 e5 2. Bg2 Nf6 3. d3 d6 4. e4 Be7 5. h3 0-0 6. Ne2 Nc6 7. c4 Bd7 8. Nbc3 Re8 9. g4 h6 10. Ng3 Bf8 11. Be3 a6 12. Qd2 Rb8 13. 0-0 b5 1/2-1/2

[Event "SRB-chT2 East"]
[Site "Serbia"]
[Date "2017.10.07"]
[Round "9.4"]
[White "Todorovic, Bojan"]
[Black "Popovic, Djordje D"]
[Result "1/2-1/2"]
[WhiteElo "2351"]
[BlackElo "2247"]
[PlyCount "77"]
[EventDate "2017.09.08"]
[EventType "team-tourn"]
[EventRounds "11"]
[EventCountry "SRB"]
[SourceTitle "EXT 2022"]
[Source "ChessBase"]
[SourceDate "2021.10.06"]
[SourceVersion "1"]
[SourceVersionDate "2021.10.06"]
[SourceQuality "1"]

1. Nf3 c5 2. g3 Nf6 3. Bg2 g6 4. 0-0 Bg7 5. c3 0-0 6. d4 cxd4 7. cxd4 d5 8. Nc3 Nc6 9. Ne5 e6 10. Nxc6 bxc6 11. Bf4 Nh5 12. Be3 f5 13. Qd2 Nf6 14. Bh6 Bxh6 15. Qxh6 Qe7 16. Rac1 Bd7 17. Na4 Qb4 18. Nc5 Qxb2 19. Nxd7 Nxd7 20. Rxc6 Qxe2 21. Rc7 Rf7 22. Qc1 Nf8 23. Rxf7 Kxf7 24. Qc7+ Kg8 25. Rb1 Qxa2 26. Rc1 Qa4 27. Qe5 Rd8 28. h4 Qe8 29. Bf1 Qe7 30. Bb5 Qd6 31. Qf6 Rb8 32. Ba4 Qd8 33. Qe5 Rb7 34. Rc6 Qb8 35. Qe3 Rb6 36. Rc5 Qd6 37. Kh2 Ra6 38. Bb5 Rb6 39. Ba4 1/2-1/2

[Event "SRB-chT2 East"]
[Site "Serbia"]
[Date "2017.09.09"]
[Round "2.4"]
[White "Djokic, Nebojsa"]
[Black "Popovic, Djordje D"]
[Result "1/2-1/2"]
[WhiteElo "2209"]
[BlackElo "2247"]
[PlyCount "75"]
[EventDate "2017.09.08"]
[EventType "team-tourn"]
[EventRounds "11"]
[EventCountry "SRB"]
[SourceTitle "EXT 2022"]
[Source "ChessBase"]
[SourceDate "2021.10.06"]
[SourceVersion "1"]
[SourceVersionDate "2021.10.06"]
[SourceQuality "1"]

1. e4 c5 2. Nf3 d6 3. d4 cxd4 4. Nxd4 Nf6 5. Nc3 a6 6. h3 e5 7. Nde2 b5 8. Bg5 Be7 9. Bxf6 Bxf6 10. Nd5 Bg5 11. Nec3 Nc6 12. a4 b4 13. Na2 Rb8 14. Bc4 0-0 15. 0-0 a5 16. Qd3 Nd4 17. Nc1 Bxc1 18. Raxc1 Ne6 19. Qe3 Bb7 20. Rfd1 Rc8 21. b3 Rc5 22. c3 Rxc4 23. bxc4 b3 24. c5 Nxc5 25. c4 Bxd5 26. cxd5 Qb6 27. Rb1 Rb8 28. Rdc1 Qb4 29. Qc3 Kf8 30. f3 Qxc3 31. Rxc3 Rb4 32. Kf1 Rxa4 33. Rcxb3 Nxb3 34. Rxb3 Ra2 35. Rb8+ Ke7 36. Rb7+ Ke8 37. Rb8+ Ke7 38. Rb7+ 1/2-1/2

[Event "Paracin Summer op-A 10th"]
[Site "Paracin"]
[Date "2017.07.11"]
[Round "6.29"]
[White "Dimitrov, Vladimir"]
[Black "Popovic, Djordje D"]
[Result "1-0"]
[WhiteElo "2359"]
[BlackElo "2258"]
[PlyCount "45"]
[EventDate "2017.07.07"]
[EventType "swiss"]
[EventRounds "9"]
[EventCountry "SRB"]
[SourceTitle "EXT 2018"]
[Source "ChessBase"]
[SourceDate "2017.10.13"]
[SourceVersion "1"]
[SourceVersionDate "2017.10.13"]
[SourceQuality "1"]

1. d4 Nf6 2. c4 e6 3. Nc3 Bb4 4. e3 c5 5. Nge2 cxd4 6. exd4 Ne4 7. a3 Nxc3 8. Nxc3 Bxc3+ 9. bxc3 b6 10. a4 Bb7 11. Ba3 d6 12. Qg4 0-0 13. Bd3 Nc6 14. 0-0 e5 15. Rad1 exd4 16. cxd4 Qb8 17. Rfe1 g6 18. h4 Re8 19. h5 Rxe1+ 20. Rxe1 Qc8 21. Qf4 Qd7 22. Bxd6 Rd8 23. d5 1-0

[Event "Paracin Summer op-A 10th"]
[Site "Paracin"]
[Date "2017.07.08"]
[Round "3.22"]
[White "Tan, Justin Hy"]
[Black "Popovic, Djordje D"]
[Result "1/2-1/2"]
[WhiteElo "2462"]
[BlackElo "2258"]
[PlyCount "168"]
[EventDate "2017.07.07"]
[EventType "swiss"]
[EventRounds "9"]
[EventCountry "SRB"]
[SourceTitle "EXT 2018"]
[Source "ChessBase"]
[SourceDate "2017.10.13"]
[SourceVersion "1"]
[SourceVersionDate "2017.10.13"]
[SourceQuality "1"]

1. Nf3 c5 2. e3 Nf6 3. b3 e6 4. Bb2 Be7 5. Be2 0-0 6. 0-0 b6 7. d4 Bb7 8. c4 cxd4 9. Nxd4 a6 10. Nd2 Qc7 11. Rc1 d6 12. Bf3 Nc6 13. Qc2 Rac8 14. Qb1 Ne5 15. Bxb7 Qxb7 16. a4 Rfe8 17. e4 Ned7 18. Rfe1 Bf8 19. N4f3 e5 20. Qd3 Nc5 21. Qe2 b5 22. axb5 axb5 23. cxb5 Rb8 24. Ba3 Ncxe4 25. Nxe4 Nxe4 26. Qxe4 d5 27. Qa4 Ra8 28. Bxf8 Rxa4 29. bxa4 Kxf8 30. Nxe5 f6 31. Nc6 Rxe1+ 32. Rxe1 Qb6 33. g3 Qc5 34. Rb1 d4 35. Rd1 g5 36. Rxd4 h5 37. h4 g4 38. Rb4 Qc1+ 39. Kh2 Qd2 40. Rf4 Qb2 41. Nb4 Qb3 42. Nc6 Kg7 43. Ne7 Kf7 44. Nf5 Kg6 45. Nd6 Qa3 46. Ne8 f5 47. Nc7 Qc5 48. Na6 Qb6 49. Nb4 Qc5 50. Nc6 Kf6 51. Nd4 Qa7 52. Rxf5+ Kg6 53. Rf4 Qxa4 54. Re4 Qa2 55. Rf4 Qb2 56. Kg2 Qb4 57. Re4 Qb2 58. b6 Kf6 59. Rf4+ Kg6 60. Nf5 Qxb6 61. Ne3 Qb7+ 62. Kh2 Qb2 63. Rf5 Qe2 64. Kg2 Kh6 65. Rg5 Qf3+ 66. Kg1 Qf7 67. Nf5+ Kh7 68. Rg7+ Qxg7 69. Nxg7 Kxg7 70. Kf1 Kf6 71. Ke2 Ke5 72. Kd2 Kd6 73. Ke3 Ke5 74. Kd3 Kd5 75. Ke3 Ke5 76. f3 gxf3 77. Kxf3 Kf5 78. Kf2 Kf6 79. Ke2 Ke6 80. Ke3 Ke5 81. Kf2 Kf6 82. Ke3 Ke5 83. Kf3 Kf5 84. Ke3 Ke5 1/2-1/2

[Event "Paracin-ch"]
[Site "Paracin"]
[Date "2017.02.02"]
[Round "3"]
[White "Peycheva, Gergana"]
[Black "Popovic, Djordje D"]
[Result "0-1"]
[WhiteElo "2133"]
[BlackElo "2283"]
[PlyCount "108"]
[EventDate "2017.01.31"]
[EventType "swiss"]
[EventRounds "9"]
[EventCountry "SRB"]
[SourceTitle "CBM 176 Extra"]
[Source "ChessBase"]
[SourceDate "2017.03.02"]
[SourceVersion "1"]
[SourceVersionDate "2017.03.02"]
[SourceQuality "1"]

1. d4 Nf6 2. c4 e6 3. Nc3 Bb4 4. e3 c5 5. Nge2 cxd4 6. exd4 0-0 7. a3 Be7 8. Nf4 d5 9. cxd5 exd5 10. Bd3 Nc6 11. Bc2 Bd6 12. 0-0 Ne7 13. Bb3 Bf5 14. Re1 h6 15. h3 Bxf4 16. Bxf4 Be6 17. Nb5 Ne8 18. Rc1 Nc6 19. Qd3 Qh4 20. Bc2 g6 21. Rxe6 Qxf4 22. Re3 a6 23. Nc3 Nf6 24. Rd1 Qd6 25. Rde1 Rfe8 26. Bb3 Rxe3 27. Rxe3 Kg7 28. g3 Rd8 29. Na4 Ne4 30. Nb6 Nb4 31. axb4 Qxb6 32. Bxd5 Nf6 33. Bc4 Rxd4 34. Qb3 Qc7 35. Rc3 Qd7 36. Rd3 Rxd3 37. Bxd3 Qxh3 38. Bf1 Qd7 39. b5 axb5 40. Bxb5 Qd4 41. Qc3 Qxc3 42. bxc3 Ne4 43. Bc4 Nxc3 44. Kf1 Ne4 45. Ke2 Nd6 46. Bb3 Kf6 47. Ke3 Ke5 48. f4+ Kf5 49. Kf3 h5 50. Bc2+ Kf6 51. Bb3 b5 52. g4 hxg4+ 53. Kxg4 Ne4 54. Bd5 Nd2 0-1

[Event "SRB-chT2 East CS play out"]
[Site "Kragujevac"]
[Date "2016.10.09"]
[Round "1.1"]
[White "Popovic, Djordje D"]
[Black "Pavlovic, Dean"]
[Result "1/2-1/2"]
[WhiteElo "2286"]
[BlackElo "2263"]
[PlyCount "116"]
[EventDate "2016.10.09"]
[EventType "team-match"]
[EventRounds "1"]
[EventCountry "SRB"]
[SourceTitle "EXT 2021"]
[Source "ChessBase"]
[SourceDate "2020.10.23"]
[SourceVersion "1"]
[SourceVersionDate "2020.10.23"]
[SourceQuality "1"]

1. d4 d5 2. c4 c6 3. Nf3 Nf6 4. Nc3 e6 5. e3 Be7 6. Qc2 Nbd7 7. Be2 0-0 8. 0-0 b6 9. Rd1 Bb7 10. e4 dxc4 11. Bxc4 Re8 12. e5 Nd5 13. Nxd5 exd5 14. Bd3 Nf8 15. Be3 g6 16. Rab1 a5 17. Ne1 Qd7 18. f4 Ba6 19. Bxa6 Rxa6 20. Rbc1 Rc8 21. f5 Qxf5 22. Qxf5 gxf5 23. Nd3 Ne6 24. Rf1 Bg5 25. Bxg5 Nxg5 26. Nf4 Raa8 27. Nh5 Ne6 28. Nf6+ Kg7 29. Rcd1 f4 30. Rd3 Rc7 31. Kh1 Rh8 32. Nh5+ Kf8 33. Nxf4 Nxf4 34. Rxf4 Rg8 35. Rb3 b5 36. h3 Rg6 37. Rbf3 Ke8 38. Kh2 Rg7 39. Rc3 Rg6 40. g4 Ke7 41. h4 h6 42. Kg3 Kf8 43. Rf5 Kg7 44. g5 Rc8 45. Kg4 hxg5 46. hxg5 Re6 47. Rf6 Rh8 48. Rxc6 Rxc6 49. Rxc6 Rh2 50. Rc5 Rxb2 51. Rxd5 a4 52. a3 b4 53. axb4 Rxb4 54. Kf5 a3 55. Ra5 Rxd4 56. Rxa3 Rd1 57. Rg3 Rf1+ 58. Ke4 Kg6 1/2-1/2

[Event "SRB-chT2 East"]
[Site "Vrnjacka Banja"]
[Date "2015.10.10"]
[Round "10.63"]
[White "Popovic, Djordje D"]
[Black "Bojkovic, Slobodan"]
[Result "1/2-1/2"]
[WhiteElo "2244"]
[BlackElo "2213"]
[PlyCount "48"]
[EventDate "2015.08.28"]
[EventType "team-tourn"]
[EventRounds "11"]
[EventCountry "SRB"]
[SourceTitle "EXT 2022"]
[Source "ChessBase"]
[SourceDate "2021.10.06"]
[SourceVersion "1"]
[SourceVersionDate "2021.10.06"]
[SourceQuality "1"]

1. d4 d5 2. c4 c6 3. Nf3 Nf6 4. Nc3 g6 5. Bg5 Ne4 6. cxd5 Nxg5 7. Nxg5 e6 8. Nf3 exd5 9. e3 Bg7 10. Bd3 Nd7 11. 0-0 0-0 12. Qc2 a5 13. Na4 Qe7 14. Rac1 Rd8 15. h3 Rb8 16. Qd2 Ra8 17. Qc2 Qd6 18. Rfd1 Rb8 19. Qd2 Ra8 20. Qc2 Qf6 21. Nd2 Qg5 22. Nf3 Qe7 23. Re1 Qd6 24. Red1 Rb8 1/2-1/2

[Event "SRB-chT2 East"]
[Site "Vrnjacka Banja"]
[Date "2015.08.28"]
[Round "1.4"]
[White "Popovic, Djordje D"]
[Black "Jovanovic, Aleksandar D"]
[Result "1-0"]
[WhiteElo "2244"]
[BlackElo "2195"]
[PlyCount "85"]
[EventDate "2015.08.28"]
[EventType "team-tourn"]
[EventRounds "11"]
[EventCountry "SRB"]
[SourceTitle "EXT 2022"]
[Source "ChessBase"]
[SourceDate "2021.10.06"]
[SourceVersion "1"]
[SourceVersionDate "2021.10.06"]
[SourceQuality "1"]

1. d4 f5 2. g3 g6 3. Bg2 Bg7 4. Nf3 Nf6 5. 0-0 0-0 6. c4 d6 7. Nc3 Nc6 8. d5 Na5 9. Qd3 e5 10. dxe6 Bxe6 11. b3 Ne4 12. Nxe4 fxe4 13. Qxe4 Qd7 14. Nd4 Rae8 15. Nxe6 Rxe6 16. Qd5 Rf5 17. Qd3 Bxa1 18. Bd2 Bg7 19. e4 Rh5 20. g4 Rh4 21. Qg3 g5 22. Bxg5 Rhh6 23. Bxh6 Rxh6 24. g5 Rg6 25. h4 Qe7 26. f4 Bd4+ 27. Kh1 Kh8 28. Rd1 c5 29. e5 Nc6 30. Qh3 Rg7 31. e6 h6 32. Be4 Kg8 33. gxh6 Rh7 34. Qg4+ Kh8 35. Qg5 Qxe6 36. Rxd4 Re7 37. Rd2 Qxe4+ 38. Rg2 Qe6 39. f5 Qf7 40. f6 Re1+ 41. Kh2 Ne5 42. Qg7+ Qxg7 43. fxg7+ 1-0

[Event "SRB Central-ch op-A 8th"]
[Site "Paracin"]
[Date "2015.07.07"]
[Round "5"]
[White "Popovic, Djordje D"]
[Black "Somborski, Nebojsa"]
[Result "1/2-1/2"]
[WhiteElo "2219"]
[BlackElo "2325"]
[PlyCount "42"]
[EventDate "2015.07.03"]
[EventType "swiss"]
[EventRounds "9"]
[EventCountry "SRB"]
[SourceTitle "CBM 167 Extra"]
[Source "ChessBase"]
[SourceDate "2015.09.14"]
[SourceVersion "1"]
[SourceVersionDate "2015.09.14"]
[SourceQuality "1"]

1. d4 d5 2. c4 e6 3. Nc3 Be7 4. Nf3 Nf6 5. cxd5 exd5 6. Bg5 c6 7. Qc2 g6 8. e3 Bf5 9. Bd3 Bxd3 10. Qxd3 Nbd7 11. 0-0 0-0 12. Rab1 a5 13. Qc2 Re8 14. a3 Ne4 15. Bxe7 Qxe7 16. Nxe4 Qxe4 17. Qxe4 Rxe4 18. Nd2 Re7 19. Nf3 Nf6 20. Ne5 Nd7 21. Nxd7 Rxd7 1/2-1/2

[Event "SRB-chT2 East"]
[Site "Leskovac"]
[Date "2014.09.26"]
[Round "3.2"]
[White "Dmitrovic, Tomislav"]
[Black "Popovic, Djordje D"]
[Result "1/2-1/2"]
[WhiteElo "2256"]
[BlackElo "2225"]
[PlyCount "25"]
[EventDate "2014.09.25"]
[EventType "team-swiss"]
[EventRounds "6"]
[EventCountry "SRB"]
[SourceTitle "EXT 2015"]
[Source "ChessBase"]
[SourceDate "2014.11.20"]
[SourceVersion "1"]
[SourceVersionDate "2014.11.20"]
[SourceQuality "1"]

1. e4 c5 2. Nc3 g6 3. f4 Nc6 4. Nf3 d6 5. Bb5 Bg7 6. 0-0 Bd7 7. d3 e6 8. Bxc6 Bxc6 9. Qe1 Ne7 10. a4 b6 11. Bd2 Qd7 12. a5 b5 13. Nd1 1/2-1/2

[Event "SRB Central-ch op-A 7th"]
[Site "Paracin"]
[Date "2014.07.08"]
[Round "6"]
[White "Sarenac, David"]
[Black "Popovic, Djordje D"]
[Result "1-0"]
[WhiteElo "2304"]
[BlackElo "2208"]
[PlyCount "91"]
[EventDate "2014.07.04"]
[EventType "swiss"]
[EventRounds "9"]
[EventCountry "SRB"]
[SourceTitle "CBM 161 Extra"]
[Source "ChessBase"]
[SourceDate "2014.08.29"]
[SourceVersion "1"]
[SourceVersionDate "2014.08.29"]
[SourceQuality "1"]

1. e4 c5 2. Nf3 d6 3. Nc3 Nf6 4. e5 dxe5 5. Nxe5 a6 6. Be2 e6 7. 0-0 Be7 8. Bf3 0-0 9. a4 Qc7 10. Re1 Nbd7 11. Nc4 Nb6 12. Ne3 Rd8 13. Qe2 Bf8 14. a5 Nbd5 15. Nc4 Bd7 16. d3 Re8 17. Ne4 Bc6 18. b3 Be7 19. Bb2 Nd7 20. g3 Nb4 21. Rac1 Nd5 22. Bg2 N5f6 23. f4 Bd5 24. Bc3 Rac8 25. Rcd1 Rcd8 26. h3 h6 27. Kh2 Bc6 28. Rf1 Nd5 29. Bb2 N5f6 30. Rde1 Bd5 31. Bc3 Bc6 32. Rf2 Nd5 33. Bb2 N5f6 34. h4 g6 35. Bh3 h5 36. Ng5 Bf8 37. Ne5 Nxe5 38. fxe5 Ng4+ 39. Bxg4 hxg4 40. Qxg4 Rd7 41. Ref1 Bg7 42. Nxf7 Rf8 43. Nh6+ Kh7 44. Rxf8 Bxf8 45. Rxf8 Kxh6 46. Qxe6 1-0

[Event "SRB Central-ch op-A 7th"]
[Site "Paracin"]
[Date "2014.07.04"]
[Round "1"]
[White "Popovic, Djordje D"]
[Black "Abramovic, Bosko"]
[Result "1/2-1/2"]
[WhiteElo "2208"]
[BlackElo "2443"]
[PlyCount "60"]
[EventDate "2014.07.04"]
[EventType "swiss"]
[EventRounds "9"]
[EventCountry "SRB"]
[SourceTitle "CBM 161 Extra"]
[Source "ChessBase"]
[SourceDate "2014.08.29"]
[SourceVersion "1"]
[SourceVersionDate "2014.08.29"]
[SourceQuality "1"]

1. d4 Nf6 2. c4 g6 3. Nc3 Bg7 4. e4 d6 5. Nf3 0-0 6. Be2 c5 7. d5 e5 8. 0-0 Ne8 9. Ne1 f5 10. Nd3 Nf6 11. f3 f4 12. Bd2 g5 13. g4 h5 14. h3 Rf7 15. Kg2 Nbd7 16. a3 Nf8 17. b4 b6 18. Be1 Ng6 19. a4 Bf8 20. a5 Bd7 21. Bf2 Rh7 22. axb6 axb6 23. Rxa8 Qxa8 24. Qa1 Qc8 25. Rh1 Be7 26. Nb5 Kf7 27. Na7 Qh8 28. Nc6 hxg4 29. hxg4 Rxh1 30. Qxh1 Qxh1+ 1/2-1/2

[Event "SRB-CupT Central Serbia"]
[Site "Serbia"]
[Date "2014.05.04"]
[Round "8.8"]
[White "Blagojevic, Nebojsa"]
[Black "Popovic, Djordje D"]
[Result "1/2-1/2"]
[WhiteElo "2317"]
[BlackElo "2210"]
[PlyCount "60"]
[EventDate "2014.03.23"]
[EventType "team"]
[EventRounds "8"]
[EventCountry "SRB"]
[SourceTitle "EXT 2015"]
[Source "ChessBase"]
[SourceDate "2014.11.20"]
[SourceVersion "1"]
[SourceVersionDate "2014.11.20"]
[SourceQuality "1"]

1. e4 c5 2. Nf3 d6 3. c3 Nf6 4. Qc2 Nc6 5. d4 Nd7 6. Nbd2 g6 7. Nc4 Bg7 8. d5 Nce5 9. Nfxe5 Nxe5 10. Nxe5 Bxe5 11. Bh6 Bd7 12. a4 Qa5 13. Qb3 0-0-0 14. Bd2 f5 15. Bd3 f4 16. Qc4 Kb8 17. b4 cxb4 18. cxb4 Qc7 19. Qxc7+ Kxc7 20. Rc1+ Kb8 21. b5 Rc8 22. Ke2 Bg4+ 23. f3 Bd7 24. Rxc8+ Rxc8 25. Rc1 Rxc1 26. Bxc1 Kc7 27. Bd2 g5 28. a5 h6 29. Kd1 h5 30. h3 h4 1/2-1/2

[Event "SRB-CupT Central Serbia"]
[Site "Serbia"]
[Date "2014.05.02"]
[Round "5.5"]
[White "Mirkovic, Stevan"]
[Black "Popovic, Djordje D"]
[Result "1-0"]
[WhiteElo "2298"]
[BlackElo "2210"]
[PlyCount "65"]
[EventDate "2014.03.23"]
[EventType "team"]
[EventRounds "8"]
[EventCountry "SRB"]
[SourceTitle "EXT 2015"]
[Source "ChessBase"]
[SourceDate "2014.11.20"]
[SourceVersion "1"]
[SourceVersionDate "2014.11.20"]
[SourceQuality "1"]

1. Nf3 c5 2. c4 b6 3. d4 cxd4 4. Nxd4 Bb7 5. Nc3 d6 6. e4 e6 7. Be2 Nf6 8. f3 a6 9. Be3 Nbd7 10. 0-0 Be7 11. Qd2 0-0 12. Rac1 Qc7 13. a3 Rac8 14. b4 Rfe8 15. Na4 Qb8 16. Rc2 d5 17. exd5 Bd6 18. dxe6 Bxh2+ 19. Kh1 fxe6 20. c5 bxc5 21. bxc5 Qg3 22. c6 Nh5 23. Bf2 Qe5 24. g4 Bf4 25. Qd3 Ndf6 26. Rc5 Nd5 27. cxb7 Rxc5 28. Nxc5 Ng3+ 29. Bxg3 Bxg3 30. Qe4 Qg5 31. Nf5 Nf6 32. Nxe6 Qd2 33. Qd3 1-0